Online
Catalog

Actas XVI congreso UEAI / (Record no. 40530)

MARC details
000 -CABECERA
campo de control de longitud fija 00569nam a2200169 a 4500
001 - NÚMERO DE CONTROL
campo de control 000041040
005 - FECHA Y HORA DE LA ÚLTIMA TRANSACCIÓN
campo de control 20201002034554.0
008 - DATOS DE LONGITUD FIJA--INFORMACIÓN GENERAL
campo de control de longitud fija 130913s1995 sp r 000 0 spa d
020 ## - NÚMERO INTERNACIONAL ESTÁNDAR DEL LIBRO
Número Internacional Estándar del Libro 840007498X
040 ## - FUENTE DE LA CATALOGACIÓN
Centro catalogador/agencia de origen DO-SdBNP
Lengua de catalogación spa
Centro/agencia transcriptor BNPHU
082 ## - NÚMERO DE LA CLASIFICACIÓN DECIMAL DEWEY
Número de clasificación xxxx
Número de documento/Ítem C749
111 1# - ENTRADA PRINCIPAL--NOMBRE DE CONGRESO/REUNIÓN
Nombre de congreso/reunión o jurisdicción como elemento de entrada Actas congreso UEAI
Número del congreso/reunión o número de parte o sección (16a :
Fecha del congreso/reunión 1995
Sede del congreso/Lugar de la reunión Salamanca, España)
9 (RLIN) 67534
245 10 - MENCIÓN DE TÍTULO
Título Actas XVI congreso UEAI /
Mención de responsabilidad, etc. editores Concepción Vázquez de Benito y Miguel Ángel Manzano Rodríguez.
260 ## - PUBLICACIÓN, DISTRIBUCIÓN, ETC.
Lugar de publicación, distribución, etc. Salamanca, España :
Nombre del editor, distribuidor, etc. CSIC,
Fecha de publicación, distribución, etc. 1995.
300 ## - DESCRIPCIÓN FÍSICA
Extensión 575 p. ;
Dimensiones 24 cm.
590 ## - NOTA LOCAL (RLIN)
Nota local Inventariado, 2019/BT
Holdings
Estado de retiro Estado de pérdida Restricciones de uso No para préstamo Código de colección Localización permanente Ubicación/localización actual Ubicación en estantería Fecha de adquisición Número de inventario Total de préstamos Signatura topográfica completa Código de barras Fecha visto por última vez Precio válido a partir de Tipo de ítem Koha
      Excluido de préstamo Monografías: Libros y Folletos General General Depósito 13.09.2013 LF1   xxxx C749 41040-10 25.06.2020 25.06.2020 No se presta

Powered by Koha